El síndrome Habermas.

-д хадгалсан:
Номзүйн дэлгэрэнгүй
Үндсэн зохиолч: Solares, Blanca (autor)
Формат: Ном
Хэл сонгох:испани
Цуврал:(Las ciencias sociales)
Нөхцлүүд:
Шошгууд: Шошго нэмэх
Шошго байхгүй, Энэхүү баримтыг шошголох эхний хүн болох!

MARC

LEADER 00000cam^a2200000uu^4500
001 000476658
005 20250521000000.0
008 050901s1997^^^^^^^^^^^^rd^r^^000^0^spa^d
009 20260310124831.832
022 |a 9688426679 
035 |a FCE 000019541 
035 |a FCE 026219 
037 |a Acervo ITESO - Biblioteca 
041 |a spa 
082 0 4 |a 302.2  |b SOLs 
100 |a Solares, Blanca  |e (autor) 
245 1 3 |a El síndrome Habermas. 
264 |a México :  |b UNAM : Porrúa,  |c 1997. 
300 |a 174 p. 
336 |a texto  |b txt  |2 rdacontenido 
337 |a sin mediación  |b n  |2 rdamedio 
338 |a volumen  |b nc  |2 rdasoporte 
440 4 |a (Las ciencias sociales) 
649 |a XX 
650 |a Hurguen, Habermas 
650 |a Teoría 
650 |a Ideología 
650 |a Comunicación 
650 |a Relaciones sociales 
650 |a Papel del lenguaje 
650 |a Teoría del papel social 
910 |a Fondo Centro de Estudios Educativos 
920 |a Impresos - Libros 
930 |a Fondos Especiales 
905 |a 133 
901 |a ALE026219  |b IT2  |c CEE  |u 20250521 
902 |a https://opac.biblio.iteso.mx/vufind/Record/000476658